000 00523nam a22001937a 4500
003 OSt
005 20140311153107.0
008 140307b2000 arg spa
020 _a950-741-080-5
040 _cBMC
082 _a346.01582
100 1 _915188
_aAzpiri, Jorge Osvaldo‏
245 1 0 _aDerecho de familia
_cJorge O. Azpiri
260 _aBuenos Aries
_bHammurabi
_c2000
300 _a551 p.
_c24 cm
504 _aBibliografía: p. [533]-551
650 2 4 _96816
_aDerecho de familia
_zArgentina
942 _2ddc
_cBK
999 _c7850
_d7850